| 000 | 02256cam a2200625 4500 | ||
|---|---|---|---|
| 008 | 000000n1999 000 0 eng u | ||
| 020 | _a1900915081 | ||
| 035 | _a(Sirsi) u103093 | ||
| 041 | _aeng | ||
| 050 |
_a690.241 _c18 |
||
| 245 | 4 | _aThe conservation and repair of ecclesiastical buildings | |
| 250 | _a6th ed. | ||
| 260 |
_aTisbury _bCathedral Communications Limited _c1999 |
||
| 300 |
_a56p. _bill. _c30cm. |
||
| 350 | _a5.95 | ||
| 490 |
_aBuilding Conservation Directory Special Report _v1 |
||
| 505 | _aThe living churchyard | ||
| 505 | _aThe ecclesiastical exemption : an update | ||
| 505 | _aThe transfiguration : stained glass at Fairford | ||
| 505 | _aThe appointment of professionals for quinquennial inspections | ||
| 505 | _aStructural problems in timber roofs | ||
| 505 | _aThe central tower scaffold, Wells Cathedral | ||
| 505 | _aNew stone for old : techniques for matching historic stone finishes | ||
| 505 | _aValue judgement : an introduction to the cost of conservation work | ||
| 505 | _aThe conservation of banners at St Andrew's Church, Grafham | ||
| 505 | _aSucceeding with renders | ||
| 505 | _aCast lead ornament | ||
| 505 | _aThe restoration of a victorian organ at St Wilfrid's, York | ||
| 505 | _aHeritage Lottery Fund grants for organs | ||
| 505 | _aOrgan builders map | ||
| 520 | _aAn annual looking at issues surrounding the conservation and repair of churches which includes a directory of useful orgnaisations, products and services. | ||
| 650 | _aCHURCHES | ||
| 650 | _aCONSERVATION | ||
| 650 | _aBUILT ENVIRONMENT-BUILDING PATHOLOGY-INFESTATION (FUNGAL)-FUNGI-DRY ROT | ||
| 650 | _aECCLESIASTICAL BUILDINGS | ||
| 650 | _aGRAVEYARDS | ||
| 650 | _aREPAIRS | ||
| 650 | _aSTAINED GLASS | ||
| 650 | _aSTONEWORK | ||
| 690 | _aCONSERVATION | ||
| 700 |
_aTaylor, Jonathan _xEditor |
||
| 700 | _aManning, David | ||
| 700 | _aKent, Robin | ||
| 700 | _aBlackett-Ord, Charles | ||
| 700 | _aClifton, Geoffrey | ||
| 700 | _aVans, Jamie | ||
| 700 | _aStockwell, Peter | ||
| 700 | _aTownsend, Lisa | ||
| 700 |
_aAmarda _Paul d' |
||
| 700 | _aTaylor, John | ||
| 700 | _aFillary, Terry | ||
| 700 | _aTaylor, Jonathan | ||
| 700 | _aVenning, Mark | ||
| 942 | _n0 | ||
| 999 |
_c100084 _d100084 |
||